Modern electrochemistry /

Guardado en:
Autor Principal: Bockris, J. O'M. 1923-
Otros Autores: Reddy, Amulya K. N., Gamboa-Aldeco, Maria.
Formato: Libro
Idioma:English
Publicado: New York : Plenum Press, c1998-c2000.
Edición:2nd ed.
Materias:
Etiquetas: Agregar Etiqueta
Sin Etiquetas, Sea el primero en etiquetar este registro!
LEADER 01914pam a2200433 a 4500
001 EUN.eunm001152
005 20090224103212.0
008 970707m19982000nyua#####b####001#0#eng##
010 |a  97024151  
020 |a 0306465973 (set) 
020 |a 0306465981 (set : en rústica) 
020 |a 0306455544 (v. 1) 
020 |a 0306455552 (v. 1 : en rústica) 
020 |a 0306461676 (v. 2A : en rústica) 
020 |a 0306461668 (v. 2A : en tapa dura) 
020 |a 0306463253 (v. 2B : en rústica) 
020 |a 0306463245 (v. 2B : en tapa dura) 
040 |a DLC  |c DLC  |d DLC 
050 0 0 |a QD553  |b .B63 1998 
082 0 0 |a 541.3/7  |2 21 
100 1 |a Bockris, J. O'M.  |q (John O'M.),  |d 1923- 
245 1 0 |a Modern electrochemistry /  |c John O'M. Bockris and Amulya K.N. Reddy. 
250 |a 2nd ed. 
260 |a New York :  |b Plenum Press,  |c c1998-c2000. 
300 |a 3 v. :  |b il. ;  |c 23-24 cm. 
500 |a Vol. 2A por John O'M. Bockris, Amulya K.N. Reddy, y Maria Gamboa-Aldeco. 
500 |a Vols. 2A-2B con pie de imprenta: New York : Kluwer Academic/Plenum Publishers. 
500 |a La Biblioteca posee los v. 1, 2A y 2B. 
504 |a Incluye referencias bibliográficas e índice. 
505 1 |a v. 1. Ionics -- v. 2A. Fundamentals of electrodics -- v. 2B Electrodics in chemistry, engineering, biology, and environmental science. 
650 7 |a Electroquímica.  |2 unbist 
700 1 |a Reddy, Amulya K. N. 
700 1 |a Gamboa-Aldeco, Maria. 
859 |a AR-BaUNS  |b INIEC  |h 541.37  |i B631  |p 120275/009  |v v.1  |3 v.1 
859 |a AR-BaUNS  |b INIEC  |h 541.37  |i B631  |p 117321/006  |v v.2A  |3 v.2A 
859 |a AR-BaUNS  |b BIB. CENTRAL - Sector A  |h 541.37  |i B631  |p 118886/008  |t Ej.2  |v v.2A  |3 v.2A 
859 |a AR-BaUNS  |b BIB. CENTRAL - Sector A  |h 541.37  |i B631  |p 118887/008  |t Ej.3  |v v.2A  |3 v.2A 
859 |a AR-BaUNS  |b INIEC  |h 541.37  |i B631  |p 118961/008  |t Ej.4  |v V.2A  |3 v.2A 
859 |a AR-BaUNS  |b INIEC  |h 541.37  |i B631  |p 118485/007  |v v.2B  |3 v.2B